书目信息 |
| 题名: |
社会学的由来发展《百科全书》社会学条目释文集
|
|
| 作者: | 布里科, 著 ;王祖望 译 | |
| 分册: | ||
| 出版信息: | 北京 商务印书馆 1987 |
|
| 页数: | 286页 | |
| 开本: | f19cm | |
| 丛书名: | ||
| 单 册: | ||
| 中图分类: | C91-53 | |
| 科图分类: | 33.6083 | |
| 主题词: | 社会学--文集 | |
| 电子资源: | ||
| ISBN: | 3017.395 | |
| 000 | 01711pam0 2200553 450 | |
| 001 | CAL 012000441979 | |
| 005 | 20100505102316.9 | |
| 010 | @a3017.395@dCNY1.80 | |
| 020 | @aCN@b88009513 | |
| 091 | @a3017.395@dCNY1.80 | |
| 099 | @aCAL 012000564635@aCAL 012001248109@aCAL 012000441979@aCAL 012010082944@aCAL 012010103917 | |
| 100 | @a19970828d1987 fkmy0chiy0121 ea | |
| 101 | 1 | @achi@cfre |
| 102 | @aCN@b110000 | |
| 105 | @ay 000yy | |
| 106 | @ar | |
| 200 | 1 | @a社会学的由来发展《百科全书》社会学条目释文集@9She Hui;Kuai Xue De;Di You Lai Fa Zhan 《 Bai;Bo Ke Quan Shu 》 She Hui;Kuai Xue Tiao Mu Shi Wen Ji @f(法)布里科,弗.著@g王祖望译@Ashe hui xue de you lai fa zhan《 bai ke quan shu》 she hui xue tiao mu shi wen ji |
| 210 | @a北京@c商务印书馆@d1987 | |
| 215 | @a286页@df19cm | |
| 606 | 0 | @a社会学@j文集 |
| 690 | @aC91-53@v3 | |
| 692 | @a33.6083 | |
| 701 | 1 | @a布里科,@ABulike@b弗朗索瓦@4著@3CAL n2004350418#@7jt0yjt0y@7ec0yec0y |
| 702 | 0 | @a王祖望@AWang Zuwang@c(社会学)@4译@3CAL n2004183723#@7jt0yjt0y@7ec0yec0y |
| 801 | 0 | @aCN@bWUL |
| 905 | @aBZT@dC91@e73@f1@sC91/73 | |
| 920 | @a242010@z1 | |
| 920 | @a251010@z1 | |
| 920 | @a242250@z1 | |
| 920 | @a242020@z1 | |
| 920 | @a231030@z1 | |
| 920 | @a244050@z1 | |
| 920 | @a262010@z1 | |
| 920 | @a215010@z1 | |
| 920 | @a262070@z1 | |
| 920 | @a242170@z1 | |
| 920 | @a222010@z1 | |
| 920 | @a211270@z1 | |
| 920 | @a222020@z1 | |
| 920 | @a211010sh@z1 | |
| 920 | @a241010@z1 | |
| 920 | @a211162@z1 | |
| 920 | @a245010@z1 | |
| 920 | @a261020@z1 | |
| 920 | @a242120@z1 | |
| 920 | @a211410@z1 | |
| 920 | @a211010FG@z1 | |
| 920 | @a211040@9000286732@z1 | |
| 920 | @a237020@z1 | |
| 社会学的由来发展《百科全书》社会学条目释文集/(法)布里科,弗.著/王祖望译.-北京:商务印书馆,1987 |
| 286页;f19cm |
| ISBN 3017.395:CNY1.80 |
| ● |
| 相关链接 |
|
|
|
正题名:社会学的由来发展《百科全书》社会学条目释文集
索取号:C91/73
 
预约/预借
| 序号 | 登录号 | 条形码 | 馆藏地/架位号 | 状态 | 备注 |
| 1 | 2000111469 | 2000111469 | 旧书回溯/ [索取号:C91/73] | 在馆 |